Statistics for Top 25 MLB Homerun Leaders (Career)

Click here to take the quiz!

General Stats

  • This quiz has been taken 36 times
  • The average score is 20 of 25

Answer Stats

Team Answer HRs % Correct
1GiantsBarry Bonds762
100%
3YankeesBabe Ruth714
100%
2BravesHank Aaron755
97%
9CubsSammy Sosa609
97%
11AthleticsMark McGwire583
94%
4YankeesAlex Rodriguez696
94%
20Red SoxTed Williams521
94%
7MarinersKen Griffey Jr630
91%
5GiantsWillie Mays660
91%
16PhilliesMike Schmidt548
85%
18YankeesMickey Mantle536
85%
20White SoxFrank Thomas521
85%
17Red SoxDavid Ortiz541
82%
8IndiansJim Thome612
82%
6CardinalsAlbert Pujols633
82%
10OriolesFrank Robinson586
76%
12TwinsHarmon Killebrew573
76%
14AthleticsReggie Jackson563
76%
23CubsErnie Banks512
74%
13RangersRafael Palmeiro569
68%
20GiantsWillie McCovey521
68%
15Red SoxManny Ramirez555
62%
19Red SoxJimmie Fox534
50%
25GiantsMel Ott511
50%
23BravesEddie Mathews512
41%

Score Distribution

Percentile by Number Answered

Percent of People with Each Score

Your Score History

You have not taken this quiz